Joy of cooking

সংরক্ষণ করুন:
গ্রন্থ-পঞ্জীর বিবরন
প্রধান লেখক: Rombauer, Irma
অন্যান্য লেখক: Rombauer Becker, Marion
বিন্যাস: গ্রন্থ
ভাষা:ইংরেজি
প্রকাশিত: Plume 1973
ট্যাগগুলো: ট্যাগ যুক্ত করুন
কোনো ট্যাগ নেই, প্রথমজন হিসাবে ট্যাগ করুন!

MARC

LEADER 00000nam a2200000 4500
005 20240918182724.0
008 240731b |||||||| |||| 00| 0 eng d
020 |a 978-0452254251 
040 |c GP 
100 |a Rombauer, Irma 
245 |a Joy of cooking 
260 |b Plume  |c 1973 
700 |a Rombauer Becker, Marion 
942 |2 ddc  |c BK  |n 0 
952 |0 0  |1 0  |2 ddc  |4 0  |6 641_000000000000000_ROM  |7 1  |9 1753  |a RM  |b RM  |d 2024-07-31  |l 0  |o 641 ROM  |p 562  |r 2024-07-31 18:56:05  |w 2024-07-31  |y BK 
999 |c 1569  |d 1569